000 01259pam a22003971ia4500
999 _c170832
_d170832
001 vtls000845304
003 PNM
005 20190107122904.0
008 180117s2018 my ao j 000 0 may
015 _aM18-01213
020 _a9789670947587
_cRM199.00
_qset
020 _a9789670947648
_cRM24.87
_qpaperback
039 9 _a201804121148
_bamy_z
_c201801261606
_dmawarny
_c201801261549
_dmawarny
_c201801230757
_drasidah
040 _aBNM
_beng
_cBNM
_erda
_dPPAK
049 _amal
082 0 4 _a398.209595
_223
090 0 0 _a398.209595
_bMUH
_dK
100 0 _aMuhammad Afis,
_eauthor.
245 1 0 _aTUN FATIMAH & TUN TEJA /
_cMuhammad Afis
246 3 3 _aTun Fatimah dan Tun Teja
264 1 _aKuala Lumpur :
_bSEMARAK MURNI ENTERPRISE,
_c[2018]
300 _a40 pages :
_billustrations, photographs ;
_c26 cm.
336 _atext
_2rdacontent
337 _aunmediated
_2rdamedia
338 _avolume
_2rdacarrier
490 1 _aMenjejaki Bukti Wujud Legenda Silam
500 _aIncludes questions and exercises
650 1 0 _aFolk literature, Malay
650 2 0 _aLegends
651 2 0 _aMelaka
_xHistory
830 _aMenjejaki bukti wujud legenda silam
942 _2ddc
_cB
949 _62000624691
949 _62000624692
949 _62000624690